000
00319nam a2200145Ia 4500
003
OSt
005
20240214165208.0
008
170524s9999 xx 000 0 und d
020
_a
9381558817
040
_c
IIMT
100
_a
KAUR
245
0
_a
APPLIED MECHNICS
260
_b
NEW DELHI: VAYU EDUCATION
942
_2
ddc
_c
02
999
_c
7601
_d
7601